| Tag |
First Indicator |
Second Indicator |
Subfields |
| LEADER |
00000cam a22000004a 4500 |
| 001 |
in00003430607 |
| 005 |
20151206091301.0 |
| 008 |
130328s2013 tu ab 100 0 eng d |
| 020 |
|
|
|a 9782362450082
|
| 020 |
|
|
|a 2362450082
|
| 035 |
|
|
|a (OCoLC)ocn843116180
|
| 035 |
|
|
|a (OCoLC)843116180
|
| 040 |
|
|
|a TZT
|b eng
|c TZT
|d OCLCO
|d CGU
|d OCLCA
|d YDXCP
|d NDD
|d TXA
|d UtOrBLW
|
| 049 |
|
|
|a TXAM
|
| 050 |
|
4 |
|a DS156.C33
|b A15 2013
|
| 082 |
1 |
4 |
|a 939
|
| 245 |
0 |
0 |
|a 4th century Karia :
|b defining a Karian identity under the Hekatomnids /
|c edited by Olivier Henry.
|
| 246 |
3 |
|
|a Fourth century Karia
|
| 264 |
|
1 |
|a [Istanbul] :
|b Institut français d'études anatoliennes Georges Dumézil ;
|a Paris :
|b De Boccard,
|c 2013.
|
| 300 |
|
|
|a 215 pages :
|b illustrations, map ;
|c 28 cm.
|
| 336 |
|
|
|a text
|b txt
|2 rdacontent
|
| 337 |
|
|
|a unmediated
|b n
|2 rdamedia
|
| 338 |
|
|
|a volume
|b nc
|2 rdacarrier
|
| 490 |
1 |
|
|a Varia Anatolica ;
|v XXVIII
|
| 500 |
|
|
|a Contributions from a meeting of the "XVII International Congress of Classical Archaeology"
|
| 541 |
0 |
|
|a Donated by Institut français d'études anatoliennes d'Istanbul
|
| 600 |
0 |
0 |
|a Hecatomnus,
|d -377 B.C.
|x Family
|v Congresses.
|
| 651 |
|
0 |
|a Caria
|x Civilization
|v Congresses.
|
| 651 |
|
0 |
|a Caria
|x Antiquities
|v Congresses.
|
| 651 |
|
0 |
|a Caria
|x History
|v Congresses.
|
| 653 |
|
|
|a Caria
|a Civilization
|a Hecatomnus Family
|a 4th century BC
|a Congresses
|
| 700 |
1 |
|
|a Henry, Olivier
|c (Archaeologist)
|
| 710 |
2 |
|
|a Institut français d'études anatoliennes d'Istanbul.
|
| 711 |
2 |
|
|a International Congress of Classical Archaeology
|n (17th :
|d 2008 :
|c Rome, Italy)
|
| 830 |
|
0 |
|a Varia Anatolica ;
|v 28.
|
| 994 |
|
|
|a C0
|b TXA
|
| 948 |
|
|
|a cataloged
|b h
|c 2014/1/23
|d c
|e nbehmer
|f 11:08:48 am
|
| 999 |
|
|
|a MARS
|
| 999 |
f |
f |
|s a16fec78-5a8f-3c80-b0e4-bc7353f2d24b
|i 1bc8bc67-ba2e-311e-8ffa-e4c7921d444f
|t 0
|
| 952 |
f |
f |
|p noncirc
|a Texas A&M University
|b College Station
|c Sterling C. Evans Library
|d Bodrum (located in Turkey)
|t 0
|e DS156.C33 A15 2013
|h Library of Congress classification
|i unmediated -- volume
|
| 952 |
f |
f |
|p noncirc
|a Texas A&M University
|b College Station
|c Sterling C. Evans Library
|d Bodrum (located in Turkey)
|t 0
|e DS156.C33 A15 2013
|h Library of Congress classification
|i unmediated -- volume
|
| 998 |
f |
f |
|a DS156.C33 A15 2013
|t 0
|l Bodrum (located in Turkey)
|
| 998 |
f |
f |
|a DS156.C33 A15 2013
|t 0
|l Bodrum (located in Turkey)
|